Normal view
MARC view
- LEESTMA, S ,NYHOFF, L
Entry Personal Name
001 - CONTROL NUMBER
- control field: 56197
003 - CONTROL NUMBER IDENTIFIER
- control field: NUST
005 - DATE AND TIME OF LATEST TRANSACTION
- control field: 20210628201644.0
008 - FIXED-LENGTH DATA ELEMENTS
- fixed length control field: 210628|| aca||aabn | a|a d
040 ## - CATALOGING SOURCE
- Original cataloging agency: NUST
- Transcribing agency: NUST
100 ## - HEADING--PERSONAL NAME
- Personal name: LEESTMA, S ,NYHOFF, L
670 ## - SOURCE DATA FOUND
- Source citation: Work cat.: (NUST): LEESTMA, S ,NYHOFF, L, FORTRAN 77 FOR ENGINEERS AND SCIENTISTS, 1985
